00474nam a2200157 a 45000010005000000030009000050080041000140200015000550400028000700820017000981000029001152450074001442600063002183000010002816500025002917170CO-ViMGA141112s2004 ck r 000 u spa d a9586352323 aCO-ViMGAbspacCO-ViMGA04a346.066 B1771 aBarrero Buitrago, Alvaro10aManual para el establecimiento de sociedades : bteórico práctico aSantafé de Bogotá : bLibreria del Profesional, c1996 a417 p14aSOCIEDADES - LEGALES